Представление документа в формате RUSMARC

ПолеНазваниеЗначение
  Тип записи a
  Библиографический уровень a
001 Контрольный номер RU/CBS_UL/BASE/567620523
005 Дата корректировки 20250122233008.4
100 Данные общей обработки __
a Данные общей обработки 20171226d2017 ||| 0rusy0189 ca
101 Язык документа 0_
a Язык текста rus
102 Страна публикации __
a Страна публикации RU
105 Кодированные данные (монография) __
a Кодированные данные (монография) y###||||000|y
200 Заглавие и сведения об ответственности 1_
a Заглавие Министерство человеческих судеб
b Общее обозначение материала Текст
e Сведения, относящиеся к заглавию [об итогах работы МЧС России в 2017 году]
g Последующие сведения об ответственности подгот. К. Кудряшов, М. Егорова
g Последующие сведения об ответственности фот. Э. Кудрявицкий
300 Общие примечания __
a Общие примечания Ограничения по возрасту - 12+
461 Уровень набора _0
1 2000
a Аргументы и факты
463 Уровень физической единицы _0
1 001RU/CBS_UL/BASE/567277660
1 2000
a № 50 (13-19 декабря)
v С. 10-11 : фото
1 210
d 2017
606 Тематические рубрики 0_
a Основная рубрика Министерство по делам гражданской обороны, чрезвычайным ситуациям и ликвидации последствий стихийных бедствий - Российская Федерация
610 Ключевые слова 0_
a Ключевые слова безопасность
a Ключевые слова ситуации чрезвычайные
a Ключевые слова ЧС
610 Ключевые слова 0_
a Ключевые слова ликвидации ЧС
a Ключевые слова бедствия стихийные
a Ключевые слова министерства
a Ключевые слова Министерство по делам гражданской обороны, чрезвычайным ситуациям и ликвидации последствий стихийных бедствий РФ
a Ключевые слова МЧС
a Ключевые слова сотрудники МЧС
a Ключевые слова спасатели
686 Индексы других классификаций __
a Классификационный индекс 68.922
2 Код системы ББК
801 Источник записи _0
a Страна RU
b Организация МБУК ЦБС г. Ульяновска
c Дата составления 20171226
g Правила каталогизации RCR
801 Источник записи _1
a Страна RU
b Организация МБУК ЦБС г. Ульяновска
c Дата составления 20171226
g Правила каталогизации RCR
901 Тип документа __
t Тип документа f
w Контрольный № источника RU/CBS_UL/BASE/567277660
910 Корректоры записи __
a Корректор записи Библиотека 1
938 Служебная информация __
a Имя БД period